000 00579nam a22001937a 4500
003 DO-SdBNP
005 20180126110719.0
008 160915b 1974 ve||||| |||| 00| 0 spa d
040 _aBPMSU
_bspa
_cBPMSU
100 _aMattelart, Armand
245 _aEl imperialismo en busca de la contra revolución cultural /
_cArmand Mattelart
260 _aCaracas, Venezuela
_bUniversidad Central de Venezuela
_c1974
300 _a86 p. :
_c23 cm
490 0 _aEsquema
830 0 _aEsquema
942 _2ddc
_cBK
945 _aInventariado, 2018 / YL
956 _aDGARCIA
_b10
_cBPMSU
999 _c11393
_d11393